[Event "Landesklasse West 2012/2013"]
[Site "?"]
[Date "2012.12.16"]
[Round "4"]
[White "Messerschmidt, Nick"]
[Black "Wegerich, Michael"]
[Result "0-1"]
[WhiteElo "1829"]
[BlackElo "2040"]
[PlyCount "64"]
[EventDate "2012.??.??"]
[WhiteTeam "SG Trusetal 92"]
[BlackTeam "SV Ammern"]

1. d4 Nf6 2. c4 e6 3. Nc3 Bb4 4. e3 Bxc3+ 5. bxc3 O-O 6. Bd3 d6 7. Ne2 Nc6 8.
O-O e5 9. Ng3 Bg4 10. f3 Bd7 11. Rb1 b6 12. Qe1 Re8 13. Ne4 Nxe4 14. Bxe4 Rb8
15. Qg3 Na5 16. Bd3 f5 17. Qf2 Qf6 18. c5 bxc5 19. Ba3 cxd4 20. cxd4 Be6 21.
Qc2 Qf7 22. Rfc1 Rxb1 23. Qxb1 Nc4 24. Bxc4 Bxc4 25. Qc2 d5 26. dxe5 Rxe5 27.
Qc3 Re8 28. Rb1 c6 29. Bc5 Qc7 30. Bd4 c5 31. Bf6 gxf6 32. Qxf6 Qe7 0-1

[Event "Landesklasse West 2012/2013"]
[Site "?"]
[Date "2012.12.16"]
[Round "4"]
[White "Kampfhenkel, Ulrich"]
[Black "Messerschmidt, Daniel"]
[Result "1-0"]
[WhiteElo "1986"]
[BlackElo "1784"]
[PlyCount "61"]
[EventDate "2012.??.??"]
[WhiteTeam "SV Ammern"]
[BlackTeam "SG Trusetal 92"]

1. e4 c5 2. Nf3 Nc6 3. c3 d5 4. exd5 Qxd5 5. d4 e6 6. Be2 Nf6 7. O-O Be7 8. Be3
cxd4 9. Nxd4 Nxd4 10. Bxd4 O-O 11. Bf3 Qb5 12. Qb3 Bd7 13. c4 Qxb3 14. axb3 Bc6
15. Bxc6 bxc6 16. Rxa7 Rxa7 17. Bxa7 Ra8 18. Bd4 Ne4 19. f3 Nc5 20. b4 Nd3 21.
b5 cxb5 22. cxb5 Rd8 23. Be3 Nxb2 24. Nd2 Rd3 25. Kf2 Bb4 26. Ke2 Bxd2 27. Bxd2
Rd7 28. Rc1 f6 29. b6 Na4 30. Ba5 h6 31. Rc7 1-0

[Event "Landesklasse West 2012/2013"]
[Site "?"]
[Date "2012.12.16"]
[Round "4"]
[White "Willner, Holger"]
[Black "Kurze, Christoph"]
[Result "1-0"]
[WhiteElo "1838"]
[BlackElo "1913"]
[PlyCount "68"]
[EventDate "2012.??.??"]
[WhiteTeam "SG Trusetal 92"]
[BlackTeam "SV Ammern"]

1. e4 e6 2. d4 d5 3. e5 c5 4. c3 Nc6 5. Nf3 f6 6. Bd3 Qc7 7. O-O f5 8. a3 Bd7
9. Re1 h6 10. Be3 c4 11. Bc2 g5 12. a4 O-O-O 13. b3 Nge7 14. Na3 cxb3 15. Bxb3
Na5 16. c4 Kb8 17. cxd5 Nxd5 18. Bxd5 exd5 19. Nb5 Qc6 20. e6 Bxe6 21. Ne5 Qa6
22. Bd2 Bg7 23. Rb1 Nc4 24. Bb4 Bxe5 25. dxe5 Qc6 26. Qb3 Rh7 27. Rec1 Qb6 28.
Nd6 Nxe5 29. a5 Qa6 30. Qe3 Nc4 31. Qxe6 Nxd6 32. Bxd6+ Qxd6 33. Rc8+ Rxc8 34.
Qxd6+ Ka8 1-0

[Event "Landesklasse West 2012/2013"]
[Site "?"]
[Date "2012.12.16"]
[Round "4"]
[White "Schorch, Rüdiger"]
[Black "Jung, Florian"]
[Result "1-0"]
[WhiteElo "1909"]
[BlackElo "1815"]
[PlyCount "107"]
[EventDate "2012.??.??"]
[WhiteTeam "SV Ammern"]
[BlackTeam "SG Trusetal 92"]

1. c4 c6 2. Nc3 d5 3. d4 Nf6 4. Nf3 Bf5 5. Bg5 e6 6. e3 Be7 7. cxd5 exd5 8. Bd3
Bxd3 9. Qxd3 O-O 10. O-O h6 11. Bf4 Re8 12. h3 Bf8 13. Rab1 Nbd7 14. b4 Ne4 15.
b5 Nxc3 16. Qxc3 c5 17. dxc5 Nxc5 18. Rfd1 Qd7 19. Ne5 Qe6 20. Qd4 Rad8 21.
Rbc1 f6 22. Ng6 b6 23. Bh2 Qf5 24. Nf4 Re4 25. Qd2 d4 26. Qc2 g5 27. g4 Qh7 28.
Nh5 Be7 29. Qc4+ Qf7 30. Qxf7+ Kxf7 31. Ng3 d3 32. Nxe4 Nxe4 33. Rc4 Nc5 34.
Rd4 Ke6 35. Rxd8 Bxd8 36. Bb8 Kd5 37. f3 Kc4 38. Rc1+ Kxb5 39. Bd6 Kb4 40. Kf1
d2 41. Rd1 Kc3 42. Ke2 Nb7 43. Rxd2 b5 44. a3 a5 45. Bf8 Bb6 46. Bg7 Bd8 47.
Rd7 b4 48. axb4 axb4 49. Rxb7 b3 50. Rxb3+ Kxb3 51. Kd3 Kb4 52. Ke4 Kc5 53. Kf5
Kd5 54. Bxh6 1-0

[Event "Landesklasse West 2012/2013"]
[Site "?"]
[Date "2012.12.16"]
[Round "4"]
[White "Schley, Thomas"]
[Black "Salaske, Peter"]
[Result "1/2-1/2"]
[WhiteElo "1720"]
[BlackElo "1790"]
[PlyCount "47"]
[EventDate "2012.??.??"]
[WhiteTeam "SG Trusetal 92"]
[BlackTeam "SV Ammern"]

1. d4 f5 2. Nf3 Nf6 3. c4 g6 4. Nc3 Bg7 5. e3 O-O 6. Bd3 d6 7. O-O c6 8. Qb3
Kh8 9. Qc2 d5 10. b3 a5 11. Bb2 Na6 12. a3 e6 13. c5 Ne4 14. Na4 Nb8 15. Nb6
Ra7 16. b4 Nd7 17. Nxc8 Qxc8 18. Nd2 Qc7 19. f3 Nxd2 20. Qxd2 Nf6 21. Bc3 axb4
22. axb4 Rfa8 23. Rxa7 Rxa7 24. Ra1 1/2-1/2

[Event "Landesklasse West 2012/2013"]
[Site "?"]
[Date "2012.12.16"]
[Round "4"]
[White "Breuer, Harald"]
[Black "Voigt, Uwe"]
[Result "1-0"]
[WhiteElo "1776"]
[BlackElo "1514"]
[PlyCount "73"]
[EventDate "2012.??.??"]
[WhiteTeam "SV Ammern"]
[BlackTeam "SG Trusetal 92"]

1. e4 e5 2. f4 exf4 3. Bc4 d6 4. Nf3 Be6 5. Bxe6 fxe6 6. d4 Nc6 7. Bxf4 Qf6 8.
Bg5 Qg6 9. Qe2 Be7 10. Bd2 Nh6 11. Nc3 O-O 12. O-O-O a6 13. h4 Ng4 14. Ng5 Nf2
15. h5 Nxd4 16. Qxf2 Rxf2 17. hxg6 Bxg5 18. gxh7+ Kh8 19. Bxg5 Rxc2+ 20. Kb1
Rxg2 21. Be3 Ne2 22. Bd2 Rf8 23. Rde1 Nxc3+ 24. Bxc3 e5 25. a4 Rff2 26. Ka2 b5
27. axb5 axb5 28. Kb3 Rh2 29. Kb4 c6 30. Ka5 Kxh7 31. Kb6 b4 32. Bxb4 Rxb2 33.
Rxh2+ Rxh2 34. Kxc6 g5 35. Bxd6 Kg6 36. Kd5 Kf6 37. Bxe5+ 1-0

[Event "Landesklasse West 2012/2013"]
[Site "?"]
[Date "2012.12.16"]
[Round "4"]
[White "Wenzel, Erhard"]
[Black "Schadeberg, Lukas"]
[Result "0-1"]
[WhiteElo "1625"]
[BlackElo "1568"]
[PlyCount "40"]
[EventDate "2012.??.??"]
[WhiteTeam "SG Trusetal 92"]
[BlackTeam "SV Ammern"]

1. d4 d5 2. c4 e6 3. Nf3 Nf6 4. Nc3 c6 5. e3 Bd6 6. Be2 O-O 7. O-O Nbd7 8. c5
Bc7 9. b4 e5 10. dxe5 Nxe5 11. Bb2 Re8 12. Qc2 Nxf3+ 13. Bxf3 Ng4 14. g3 Qg5
15. h4 Qh6 16. Bxg4 Bxg4 17. Ne2 g5 18. Kg2 gxh4 19. gxh4 Qh5 20. Nf4 Bf3+ 0-1

[Event "Landesklasse West 2012/2013"]
[Site "?"]
[Date "2012.12.16"]
[Round "4"]
[White "Hentrich, Jörg"]
[Black "Hepp, Ingolf"]
[Result "1-0"]
[WhiteElo "1755"]
[BlackElo "1477"]
[PlyCount "61"]
[EventDate "2012.??.??"]
[WhiteTeam "SV Ammern"]
[BlackTeam "SG Trusetal 92"]

1. e4 e5 2. f4 Nc6 3. Nf3 d6 4. Bc4 Nf6 5. d3 Bg4 6. Nc3 Nd4 7. fxe5 dxe5 8.
Bg5 Bxf3 9. gxf3 c6 10. Rf1 h6 11. Bh4 g5 12. Bg3 Bd6 13. Ne2 Nxe2 14. Qxe2 Qc7
15. O-O-O b5 16. Bb3 a5 17. a4 b4 18. d4 Nd7 19. dxe5 Bxe5 20. Bxe5 Nxe5 21. f4
gxf4 22. Qh5 f3 23. Qf5 Ke7 24. Rxf3 Raf8 25. Qf6+ Ke8 26. Rh3 Nd7 27. Bxf7+
Rxf7 28. Qxh8+ Ke7 29. Qxh6 Qf4+ 30. Qxf4 Rxf4 31. Rh7+ 1-0

[Event "Landesklasse West 2012/2013"]
[Site "?"]
[Date "2012.12.16"]
[Round "4"]
[White "Lehmann, Peter"]
[Black "Klaus, Christian"]
[Result "1-0"]
[WhiteElo "1885"]
[BlackElo "2001"]
[PlyCount "61"]
[EventDate "2012.??.??"]
[WhiteTeam "ESV Lok Meiningen"]
[BlackTeam "SV Breitenworbis"]

1. d4 g6 2. e4 Bg7 3. c3 d6 4. f4 e5 5. Nf3 Nd7 6. fxe5 dxe5 7. Bc4 Qe7 8. O-O
Ngf6 9. Bg5 O-O 10. Nbd2 h6 11. Bh4 exd4 12. cxd4 Qb4 13. h3 Nb6 14. Bb3 c5 15.
dxc5 Qxc5+ 16. Bf2 Qe7 17. Rc1 Nfd7 18. Rc7 Bxb2 19. Qc2 Ba3 20. e5 Kh7 21. Ne4
Qd8 22. e6 fxe6 23. Bh4 Be7 24. Bxe7 Qxe7 25. Re1 Qb4 26. a3 Qa5 27. Nc3 Rxf3
28. gxf3 Nd5 29. Rxe6 Nf4 30. Re7+ Kh8 31. Nd5 1-0

[Event "Landesklasse West 2012/2013"]
[Site "?"]
[Date "2012.12.16"]
[Round "4"]
[White "Gast, Rainer"]
[Black "Grube, Jan"]
[Result "1-0"]
[WhiteElo "1950"]
[BlackElo "1819"]
[PlyCount "173"]
[EventDate "2012.??.??"]
[WhiteTeam "SV Breitenworbis"]
[BlackTeam "ESV Lok Meiningen"]

1. d4 d5 2. c4 e6 3. Nc3 Nf6 4. Bg5 Be7 5. Nf3 Nbd7 6. e3 O-O 7. Rc1 c6 8. Bd3
dxc4 9. Bxc4 Nd5 10. Bxe7 Qxe7 11. O-O f5 12. Qd3 N7f6 13. Ne5 Bd7 14. f3 Rad8
15. Ne2 Be8 16. e4 fxe4 17. fxe4 Nb6 18. Bb3 Nbd7 19. Nxd7 Rxd7 20. Nf4 Bf7 21.
e5 Nd5 22. Bxd5 exd5 23. Qh3 Re8 24. a3 Be6 25. Qg3 Rf8 26. Rf2 Qe8 27. Rcf1
Rdf7 28. Nh5 Kh8 29. Nxg7 Qd7 30. Nxe6 Qxe6 31. Rxf7 Rxf7 32. Rxf7 Qxf7 33. Qg5
h5 34. Qh6+ Kg8 35. Qd6 Qf4 36. Qb8+ Kg7 37. Qxb7+ Kg8 38. Qc8+ Kg7 39. Qd7+
Kg8 40. Qe8+ Kg7 41. Qe7+ Kg8 42. Qb4 Qc1+ 43. Kf2 Qf4+ 44. Ke1 Qxh2 45. Qb8+
Kg7 46. Qc7+ Kg8 47. Qd8+ Kg7 48. Qf6+ Kg8 49. Qf2 Qh1+ 50. Ke2 Qb1 51. Kf3
Qf5+ 52. Ke3 Qe4+ 53. Kd2 Qb1 54. Kc3 Qc1+ 55. Qc2 Qe3+ 56. Qd3 Qe1+ 57. Qd2
Qf1 58. Qg5+ Kh7 59. Qxh5+ Kg8 60. Qg4+ Kh7 61. Kd2 Qb1 62. Qd7+ Kg8 63. Qc8+
Kg7 64. Qb7+ Kg8 65. Qb8+ Kg7 66. Qxa7+ Kg8 67. Qb8+ Kg7 68. Qb7+ Kg8 69. e6
Qe4 70. Qf7+ Kh8 71. Qf6+ Kh7 72. e7 Qxg2+ 73. Kc3 Qe2 74. Qf7+ Kh6 75. Qf8+
Kh7 76. e8=Q Qc4+ 77. Kd2 Qxd4+ 78. Ke1 Qh4+ 79. Qf2 Qh1+ 80. Ke2 Qe4+ 81.
Qxe4+ dxe4 82. Qg3 c5 83. Ke3 c4 84. Kxe4 c3 85. bxc3 Kh8 86. Kf5 Kh7 87. Kf6
1-0

[Event "Landesklasse West 2012/2013"]
[Site "?"]
[Date "2012.12.16"]
[Round "4"]
[White "Von Otte, Wilhelm"]
[Black "Bötticher, Heinz-Wilfried"]
[Result "0-1"]
[WhiteElo "1931"]
[BlackElo "1800"]
[PlyCount "114"]
[EventDate "2012.??.??"]
[WhiteTeam "ESV Lok Meiningen"]
[BlackTeam "SV Breitenworbis"]

1. e4 c5 2. c3 d5 3. exd5 Qxd5 4. Nf3 e5 5. d4 Bg4 6. Nbd2 Nc6 7. Bc4 Bxf3 8.
Qa4 Qd7 9. Nxf3 cxd4 10. O-O Bd6 11. cxd4 O-O-O 12. dxe5 Nxe5 13. Qxd7+ Rxd7
14. Nxe5 Bxe5 15. Be3 b6 16. Ba6+ Kb8 17. Rac1 Ne7 18. Bb5 Rc7 19. Rxc7 Bxc7
20. Rd1 Rd8 21. Rxd8+ Bxd8 22. Bd4 f6 23. Bd3 Nc6 24. Bc3 h6 25. f4 Be7 26. Kf2
Bc5+ 27. Kf3 Kc7 28. Kg4 Kd6 29. Kh5 Ne7 30. Kg4 a5 31. Kf3 Nc6 32. g4 Bd4 33.
Be4 Bxc3 34. bxc3 Ne7 35. Bc2 Nd5 36. c4 Ne7 37. Ba4 Kc5 38. Bb5 Kd4 39. a4 Nc8
40. h4 Nd6 41. h5 Nxc4 42. Bxc4 Kxc4 43. Ke4 b5 44. axb5 Kxb5 45. Kf5 a4 46.
Kg6 a3 47. Kxg7 f5 48. gxf5 a2 49. Kxh6 a1=Q 50. Kg6 Qh8 51. Kf7 Qxh5+ 52. Ke6
Qe8+ 53. Kf6 Kc6 54. Kg7 Qe7+ 55. Kg6 Qf8 56. f6 Qg8+ 57. Kf5 Kd5 0-1

[Event "Landesklasse West 2012/2013"]
[Site "?"]
[Date "2012.12.16"]
[Round "4"]
[White "Hermann, Ingo"]
[Black "Weiß, Daniel"]
[Result "0-1"]
[WhiteElo "1835"]
[BlackElo "1785"]
[PlyCount "44"]
[EventDate "2012.??.??"]
[WhiteTeam "SV Breitenworbis"]
[BlackTeam "ESV Lok Meiningen"]

1. e4 d6 2. d4 Nf6 3. Nc3 g6 4. f3 a6 5. Be3 b5 6. Qd2 Bb7 7. g4 h5 8. g5 Nfd7
9. h4 Nb6 10. Bd3 N8d7 11. Nce2 c5 12. c3 Bg7 13. Nh3 Nc4 14. Bxc4 bxc4 15. Nf2
Rb8 16. O-O-O Qa5 17. Kb1 Ba8 18. Rhf1 O-O 19. f4 Rb6 20. Ka1 Rfb8 21. Rb1 Rb5
22. dxc5 Qxa2+ 0-1

[Event "Landesklasse West 2012/2013"]
[Site "?"]
[Date "2012.12.16"]
[Round "4"]
[White "Jörges, Frank"]
[Black "Leibeling, Lucian"]
[Result "1-0"]
[WhiteElo "1812"]
[BlackElo "1851"]
[PlyCount "27"]
[EventDate "2012.??.??"]
[WhiteTeam "ESV Lok Meiningen"]
[BlackTeam "SV Breitenworbis"]

1. d4 d5 2. Nf3 e6 3. e3 Nf6 4. Nbd2 Be7 5. Bd3 O-O 6. c3 c5 7. O-O Nc6 8. Qe2
b6 9. dxc5 Bxc5 10. e4 dxe4 11. Nxe4 Be7 12. Nxf6+ Bxf6 13. Qe4 g6 14. Bb5 1-0

[Event "Landesklasse West 2012/2013"]
[Site "?"]
[Date "2012.12.16"]
[Round "4"]
[White "Petiko, Nikolai"]
[Black "Holland-Cunz, Dietrich"]
[Result "1-0"]
[WhiteElo "1944"]
[BlackElo "1730"]
[PlyCount "45"]
[EventDate "2012.??.??"]
[WhiteTeam "SV Breitenworbis"]
[BlackTeam "ESV Lok Meiningen"]

1. e4 c5 2. d3 Nc6 3. g3 g6 4. Bg2 Bg7 5. f4 d6 6. Nf3 Nf6 7. O-O O-O 8. h3 Qc7
9. g4 e6 10. c3 b5 11. Be3 Ne7 12. Nbd2 Bb7 13. Qe1 Rac8 14. Qh4 c4 15. Bd4 Ne8
16. Bxg7 Kxg7 17. d4 Nf6 18. Rae1 b4 19. f5 h6 20. e5 dxe5 21. dxe5 Qc5+ 22.
Kh1 g5 23. exf6+ 1-0

[Event "Landesklasse West 2012/2013"]
[Site "?"]
[Date "2012.12.16"]
[Round "4"]
[White "Webel, Jannik"]
[Black "Eschrich, Torsten"]
[Result "1/2-1/2"]
[WhiteElo "1556"]
[BlackElo "1660"]
[PlyCount "38"]
[EventDate "2012.??.??"]
[WhiteTeam "ESV Lok Meiningen"]
[BlackTeam "SV Breitenworbis"]

1. d4 e6 2. c4 b6 3. Nc3 Bb7 4. Bf4 Bb4 5. Qc2 f5 6. e3 Nf6 7. Nge2 Nc6 8. a3
Bxc3+ 9. Nxc3 Nh5 10. Bg3 Nxg3 11. hxg3 a6 12. g4 g6 13. gxf5 gxf5 14. f3 Qg5
15. Qf2 O-O-O 16. O-O-O Ne7 17. Be2 Rdg8 18. Rdg1 Qg3 19. Qxg3 Rxg3 1/2-1/2

[Event "Landesklasse West 2012/2013"]
[Site "?"]
[Date "2012.12.16"]
[Round "4"]
[White "Vergin, Marcel"]
[Black "Hänisch, Christoph"]
[Result "1-0"]
[WhiteElo "1561"]
[BlackElo "1710"]
[PlyCount "77"]
[EventDate "2012.??.??"]
[WhiteTeam "SV Breitenworbis"]
[BlackTeam "ESV Lok Meiningen"]

1. d4 d5 2. e3 Nf6 3. Bd3 e6 4. Nd2 c5 5. c3 Nc6 6. f4 Be7 7. Ngf3 O-O 8. O-O
Ne8 9. Ne5 f5 10. g4 Nf6 11. g5 Ne4 12. Ndf3 Nxe5 13. Nxe5 g6 14. Bxe4 dxe4 15.
Qb3 cxd4 16. cxd4 Qd5 17. Bd2 Bd6 18. Nc4 Be7 19. Bb4 Bxb4 20. Qxb4 Bd7 21. Ne5
Rac8 22. Rac1 Bc6 23. a3 Rc7 24. Rc5 Qd6 25. Rfc1 Rfc8 26. Qc3 a6 27. b4 Ra8
28. a4 Re7 29. Nxc6 bxc6 30. Rxc6 Qd5 31. Qc4 Kg7 32. Qxd5 exd5 33. Rb6 Raa7
34. Rcc6 Rec7 35. Rxa6 Rxc6 36. Rxa7+ Kg8 37. b5 Rc3 38. b6 Rxe3 39. b7 1-0

[Event "Landesklasse West 2012/2013"]
[Site "?"]
[Date "2013.01.06"]
[Round "5"]
[White "Moise, Adrian"]
[Black "Hocke, Sebastian"]
[Result "1/2-1/2"]
[WhiteElo "2169"]
[BlackElo "2017"]
[PlyCount "37"]
[EventDate "2013.??.??"]
[WhiteTeam "SV Ammern"]
[BlackTeam "ESV Lok Meiningen"]

1. d4 d5 2. Nf3 Nf6 3. g3 c6 4. Bg2 e6 5. O-O Be7 6. c4 dxc4 7. Ne5 Nbd7 8.
Nxc4 O-O 9. Nc3 Nd5 10. e4 Nxc3 11. bxc3 b5 12. Ne3 Bb7 13. Qb3 Qb6 14. Ba3 c5
15. d5 c4 16. Qb2 Bxa3 17. Qxa3 Qc5 18. Qa5 a6 19. Rfd1 1/2-1/2

[Event "Landesklasse West 2012/2013"]
[Site "?"]
[Date "2013.01.06"]
[Round "5"]
[White "Lehmann, Peter"]
[Black "Wegerich, Michael"]
[Result "1-0"]
[WhiteElo "1885"]
[BlackElo "2040"]
[PlyCount "99"]
[EventDate "2013.??.??"]
[WhiteTeam "ESV Lok Meiningen"]
[BlackTeam "SV Ammern"]

1. d4 Nf6 2. Nf3 e6 3. e3 b6 4. Bd3 Bb7 5. O-O Be7 6. Nbd2 O-O 7. e4 d6 8. c3
Nbd7 9. Qe2 e5 10. dxe5 dxe5 11. Nc4 Nc5 12. Rd1 Qe8 13. Nfxe5 Ncxe4 14. Be3 h6
15. Ng4 Nxg4 16. Qxg4 f5 17. Qf4 Rc8 18. Qe5 Bf6 19. Qxe8 Rcxe8 20. f3 Nd6 21.
Bf4 Be7 22. Nxd6 cxd6 23. Bxd6 Bxd6 24. Bc4+ Kh7 25. Rxd6 Re7 26. Rad1 Bc8 27.
Kf2 Rc7 28. R1d4 Re8 29. Bb5 Re5 30. Bd7 Ba6 31. Rd2 g6 32. Ba4 Bc8 33. Rd8 Kg7
34. Bb3 Be6 35. Bxe6 Rxe6 36. R2d7+ Re7 37. Rxc7 Rxc7 38. Ke3 Re7+ 39. Kd2 g5
40. Rd6 h5 41. h3 h4 42. c4 Rc7 43. Kc3 Re7 44. b4 Re3+ 45. Rd3 Re2 46. Rd2 Re7
47. c5 bxc5 48. bxc5 Kf6 49. Kc4 Rc7 50. Re2 1-0

[Event "Landesklasse West 2012/2013"]
[Site "?"]
[Date "2013.01.06"]
[Round "5"]
[White "Dawydow, Alexej"]
[Black "Grube, Jan"]
[Result "1-0"]
[WhiteElo "1917"]
[BlackElo "1819"]
[PlyCount "137"]
[EventDate "2013.??.??"]
[WhiteTeam "SV Ammern"]
[BlackTeam "ESV Lok Meiningen"]

1. e4 c5 2. Nf3 Nc6 3. d4 cxd4 4. Nxd4 g6 5. Be2 Bg7 6. c3 Nf6 7. f3 O-O 8. Nd2
d5 9. N4b3 d4 10. cxd4 Nxd4 11. Nxd4 Qxd4 12. Nc4 Qxd1+ 13. Bxd1 Be6 14. Na5
Nd7 15. Nb3 Rac8 16. Rb1 Nc5 17. Nxc5 Rxc5 18. b3 Bc3+ 19. Kf2 Rd8 20. Rf1 Bd4+
21. Kg3 g5 22. h3 Be5+ 23. Kf2 Bf4 24. Bxf4 gxf4 25. Rb2 Rd4 26. Be2 Kg7 27.
Rd1 Rxd1 28. Bxd1 Kf6 29. Rd2 a5 30. Rc2 Rxc2+ 31. Bxc2 Ke5 32. Ke2 Kd4 33. Kd2
h6 34. Bd3 b6 35. Bb5 Kc5 36. Bd3 Kb4 37. Kc2 Ka3 38. Kb1 a4 39. bxa4 Bxa2+ 40.
Ka1 Bb3 41. a5 bxa5 42. e5 a4 43. Bh7 Bc4 44. Bg8 f6 45. Bxc4 fxe5 46. Be6 Kb4
47. Kb2 a3+ 48. Kc2 Kc5 49. Kd3 Kd6 50. Ba2 e6 51. Ke4 h5 52. h4 Ke7 53. Kxe5
Kf7 54. Bxe6+ Kg6 55. Kxf4 Kf6 56. Ba2 Kg6 57. g3 Kf6 58. Bb1 Ke6 59. Kg5 Ke5
60. f4+ Kd4 61. Ba2 Ke4 62. f5 Ke5 63. f6 Kd4 64. f7 Kc3 65. f8=Q Kb2 66. Qf2+
Kc3 67. Qe3+ Kb2 68. Qd2+ Ka1 69. Bb3 1-0

[Event "Landesklasse West 2012/2013"]
[Site "?"]
[Date "2013.01.06"]
[Round "5"]
[White "Scheftlein, Richard"]
[Black "Kampfhenkel, Ulrich"]
[Result "1/2-1/2"]
[WhiteElo "1815"]
[BlackElo "1986"]
[PlyCount "117"]
[EventDate "2013.??.??"]
[WhiteTeam "ESV Lok Meiningen"]
[BlackTeam "SV Ammern"]

1. d4 Nf6 2. c4 e5 3. dxe5 Ne4 4. a3 a5 5. Nf3 Nc6 6. Nbd2 Nc5 7. g3 d6 8. exd6
Qxd6 9. Bg2 Be7 10. b3 Bf5 11. Bb2 Qg6 12. O-O Rd8 13. Qc1 O-O 14. Bc3 Rfe8 15.
Qb2 h5 16. Rfe1 h4 17. Nd4 Nxd4 18. Bxd4 hxg3 19. hxg3 Ne6 20. Bc3 Nf4 21. Nf3
Nxg2 22. Kxg2 b6 23. Rad1 Be4 24. b4 axb4 25. axb4 Bf8 26. Rxd8 Rxd8 27. Be5
Qc6 28. Rc1 f6 29. Bd4 Bxb4 30. Be3 Bc5 31. Bxc5 Qxc5 32. Qb5 Qxb5 33. cxb5 Rd5
34. Rxc7 Rxb5 35. Kf1 Bxf3 36. exf3 Rb2 37. Ke1 b5 38. Rb7 b4 39. f4 b3 40. Kd1
Rxf2 41. Rxb3 Kh7 42. Ke1 Ra2 43. Kf1 f5 44. g4 Ra4 45. gxf5 Rxf4+ 46. Kg2 Rxf5
47. Ra3 Kg6 48. Ra6+ Kg5 49. Ra7 g6 50. Kg3 Rb5 51. Ra4 Rb3+ 52. Kg2 Kf5 53.
Rc4 g5 54. Ra4 g4 55. Rc4 Kg5 56. Rc8 Rf3 57. Rg8+ Kf4 58. Rf8+ Ke3 59. Re8+
1/2-1/2

[Event "Landesklasse West 2012/2013"]
[Site "?"]
[Date "2013.01.06"]
[Round "5"]
[White "Kurze, Christoph"]
[Black "Weiß, Daniel"]
[Result "0-1"]
[WhiteElo "1913"]
[BlackElo "1785"]
[PlyCount "102"]
[EventDate "2013.??.??"]
[WhiteTeam "SV Ammern"]
[BlackTeam "ESV Lok Meiningen"]

1. e4 d6 2. d4 Nf6 3. Nc3 g6 4. f4 Bg7 5. Nf3 O-O 6. Be3 Ng4 7. Bg1 Na6 8. Qd2
c5 9. h3 cxd4 10. Bxd4 Nf6 11. O-O-O Qa5 12. Kb1 Be6 13. Ng5 Nc5 14. g4 Nfxe4
15. Ngxe4 Nxe4 16. Qe3 Nxc3+ 17. Bxc3 Bxc3 18. Qxc3 Qxa2+ 19. Kc1 Rfc8 20. Qa3
Qxa3 21. bxa3 Rc3 22. Rd3 Rac8 23. Rxc3 Rxc3 24. Kb2 Rf3 25. Bg2 Rxf4 26. Bxb7
Rf2 27. Re1 Rh2 28. Re3 Kf8 29. Kc3 Bd7 30. Bd5 f5 31. Rf3 e5 32. Kb3 Ke7 33.
Rc3 Kd8 34. Rf3 Kc7 35. g5 f4 36. Rc3+ Kb6 37. Kc4 Rxh3 38. Rb3+ Rxb3 39. cxb3
Bc6 40. Bg8 Be4 41. Kc3 a5 42. Bxh7 d5 43. Bg8 d4+ 44. Kd2 Kc5 45. Bf7 Bf5 46.
Bc4 a4 47. Bf7 axb3 48. Bxb3 e4 49. Bd1 d3 50. Bb3 e3+ 51. Ke1 f3 0-1

[Event "Landesklasse West 2012/2013"]
[Site "?"]
[Date "2013.01.06"]
[Round "5"]
[White "Jörges, Frank"]
[Black "Schorch, Rüdiger"]
[Result "1/2-1/2"]
[WhiteElo "1812"]
[BlackElo "1908"]
[PlyCount "67"]
[EventDate "2013.??.??"]
[WhiteTeam "ESV Lok Meiningen"]
[BlackTeam "SV Ammern"]

1. d4 d5 2. Nf3 c6 3. e3 e6 4. c4 Nf6 5. Nc3 Nbd7 6. Bd2 dxc4 7. Bxc4 b5 8. Bd3
a6 9. O-O c5 10. Rc1 Bb7 11. a3 Be7 12. Qe2 O-O 13. Rfd1 Qb6 14. dxc5 Nxc5 15.
Bc2 Rfd8 16. e4 Rac8 17. Bg5 Rxd1+ 18. Rxd1 Qc7 19. e5 Bxf3 20. gxf3 Nh5 21. f4
g6 22. Bxe7 Qxe7 23. Qg4 Rd8 24. Rxd8+ Qxd8 25. Ne4 Nxe4 26. Bxe4 Qd4 27. f5
Qxe5 28. fxe6 f5 29. Qg5 Qxe4 30. Qd8+ Kg7 31. e7 Qe1+ 32. Kg2 Qe4+ 33. Kg1
Qe1+ 34. Kg2 1/2-1/2

[Event "Landesklasse West 2012/2013"]
[Site "?"]
[Date "2013.01.06"]
[Round "5"]
[White "Salaske, Peter"]
[Black "Oleak, Wolfgang"]
[Result "1-0"]
[WhiteElo "1790"]
[BlackElo "1491"]
[PlyCount "59"]
[EventDate "2013.??.??"]
[WhiteTeam "SV Ammern"]
[BlackTeam "ESV Lok Meiningen"]

1. d4 d5 2. Nf3 Nf6 3. Bf4 e6 4. e3 Bd6 5. Bg3 Ne4 6. Bd3 O-O 7. Nbd2 f5 8. Ne5
Nxd2 9. Qxd2 Nd7 10. f4 Nf6 11. Bh4 Be7 12. Bxf6 Bxf6 13. O-O Bxe5 14. dxe5 c5
15. Rad1 Bd7 16. Rf3 b5 17. c3 Qe7 18. Qe2 a6 19. Rh3 g6 20. g4 Rf7 21. gxf5
exf5 22. Qg2 Be6 23. c4 Rd8 24. cxb5 axb5 25. Bxb5 d4 26. exd4 cxd4 27. Rhd3
Qb4 28. a4 Bb3 29. Qd2 Qxd2 30. R1xd2 1-0

[Event "Landesklasse West 2012/2013"]
[Site "?"]
[Date "2013.01.06"]
[Round "5"]
[White "Rosenberg, Erik"]
[Black "Breuer, Harald"]
[Result "1/2-1/2"]
[WhiteElo "1519"]
[BlackElo "1776"]
[PlyCount "62"]
[EventDate "2013.??.??"]
[WhiteTeam "ESV Lok Meiningen"]
[BlackTeam "SV Ammern"]

1. d4 Nf6 2. c4 g6 3. Nc3 d5 4. cxd5 Nxd5 5. e3 Bg7 6. Bc4 Nxc3 7. bxc3 O-O 8.
Ba3 Nd7 9. Nf3 c5 10. Qb3 Qc7 11. Ng5 e6 12. Bxe6 fxe6 13. Nxe6 Qc6 14. Nxf8+
Kxf8 15. O-O b6 16. Rad1 Bb7 17. f3 Bh6 18. Rfe1 Kg7 19. e4 Re8 20. e5 Qc7 21.
e6 Nf6 22. d5 Bf4 23. h3 Bg3 24. Re2 Qd6 25. c4 Bh2+ 26. Kf1 Be5 27. Rde1 Bd4
28. Bb2 Bxb2 29. Qxb2 Ba6 30. Qc3 Qf4 31. Re4 Qd6 1/2-1/2

[Event "Landesklasse West 2012/2013"]
[Site "?"]
[Date "2013.01.06"]
[Round "5"]
[White "Recknagel, Michael"]
[Black "Messerschmidt, Nick"]
[Result "1/2-1/2"]
[WhiteElo "2179"]
[BlackElo "1829"]
[PlyCount "102"]
[EventDate "2013.??.??"]
[WhiteTeam "SC Suhl"]
[BlackTeam "SG Trusetal 92"]

1. e4 c5 2. Nf3 Nc6 3. Bb5 d6 4. c3 Bd7 5. O-O e6 6. Qe2 Nge7 7. d3 Ng6 8. Be3
Be7 9. Nbd2 O-O 10. a4 f5 11. exf5 exf5 12. Nb3 f4 13. Bd2 Bg4 14. h3 Bxf3 15.
Qxf3 Rf5 16. d4 Kh8 17. Qe4 Rf6 18. Bc4 Qd7 19. Rfe1 Re8 20. Rad1 cxd4 21. Nxd4
Nxd4 22. cxd4 Qxa4 23. b3 Qd7 24. Be6 Qb5 25. Bd5 Rff8 26. Bxb7 Bf6 27. Qc6
Rxe1+ 28. Rxe1 Qxc6 29. Bxc6 Bxd4 30. Re4 Bb6 31. Bc3 Ne5 32. Bxe5 dxe5 33.
Rxe5 g6 34. Kf1 Rc8 35. Re6 Kg7 36. Ke2 Rd8 37. Bb5 Rc8 38. Bc4 Rc5 39. Re4 g5
40. h4 h6 41. Kf3 Rc7 42. Re6 Rd7 43. hxg5 hxg5 44. Kg4 Bxf2 45. Kxg5 Bg3 46.
Re8 Rc7 47. Bd5 Bh2 48. Rg8+ Kh7 49. Kf6 Bg3 50. Rg4 a5 51. Kf5 Rg7 1/2-1/2

[Event "Landesklasse West 2012/2013"]
[Site "?"]
[Date "2013.01.06"]
[Round "5"]
[White "Messerschmidt, Daniel"]
[Black "Silberschlag, Jörg"]
[Result "0-1"]
[WhiteElo "1784"]
[BlackElo "2111"]
[PlyCount "104"]
[EventDate "2013.??.??"]
[WhiteTeam "SG Trusetal 92"]
[BlackTeam "SC Suhl"]

1. e4 c5 2. Nf3 a6 3. d4 cxd4 4. Nxd4 e5 5. Nb3 d6 6. Be3 Nf6 7. Nc3 Ng4 8. Nd5
Nxe3 9. Nxe3 Be6 10. Be2 Nd7 11. c4 Nf6 12. Qd3 Be7 13. Rc1 O-O 14. O-O Nd7 15.
Rfd1 Qb6 16. Nd5 Bxd5 17. Qxd5 Nf6 18. Qd3 a5 19. Rc2 a4 20. Nd2 Nd7 21. Nf1
Nc5 22. Qd5 Ra5 23. Ne3 Ne6 24. Qd3 Nd4 25. Nf5 Bf6 26. Nxd4 exd4 27. f4 g6 28.
Kh1 Bg7 29. Bg4 Qc7 30. Rf1 Qe7 31. g3 Re8 32. Re2 h5 33. Bf3 h4 34. Bg4 Rc5
35. Rc1 b5 36. Rcc2 bxc4 37. Rxc4 Qb7 38. Rcc2 Rxc2 39. Qxc2 Qb5 40. Qd2 Rxe4
41. Kg2 Rxe2+ 42. Bxe2 Qd5+ 43. Kf2 h3 44. Bf3 Qxa2 45. Qb4 Qe6 46. Qe1 Qb3 47.
Qc1 d3 48. Bd1 Qb6+ 49. Kf1 Bxb2 50. Qc8+ Kg7 51. Bxa4 Qe3 52. Qg4 Bd4 0-1